| 000 -LEADER |
| fixed length control field |
00929nam a22002177a 4500 |
| 005 - DATE AND TIME OF LATEST TRANSACTION |
| control field |
20241119115715.0 |
| 008 - FIXED-LENGTH DATA ELEMENTS--GENERAL INFORMATION |
| fixed length control field |
241119b ||||| |||| 00| 0 eng d |
| 020 ## - INTERNATIONAL STANDARD BOOK NUMBER |
| International Standard Book Number |
9781782959533 |
| 040 ## - CATALOGING SOURCE |
| Transcribing agency |
KH8 |
| 082 ## - DEWEY DECIMAL CLASSIFICATION NUMBER |
| Classification number |
FIC GRA |
| 100 ## - MAIN ENTRY--PERSONAL NAME |
| Personal name |
Gray, Kes |
| Relator term |
Author |
| 245 ## - TITLE STATEMENT |
| Title |
Daisy and the trouble with sports day |
| Statement of responsibility, etc. |
Kes Gray |
| 260 ## - PUBLICATION, DISTRIBUTION, ETC. |
| Place of publication, distribution, etc. |
London, |
| Name of publisher, distributor, etc. |
Red Fox, |
| Date of publication, distribution, etc. |
2020 |
| 300 ## - PHYSICAL DESCRIPTION |
| Extent |
1 volume : |
| Other physical details |
illustrations (black and white) ; |
| Dimensions |
20 cm |
| 520 ## - SUMMARY, ETC. |
| Summary, etc. |
Daisy's getting into trouble again, and this time it's at her school sports day! Daisy's determined to win her race, and she and best friend Gabby have been training hard. They're going for gold! They're in the zone! They're sticking to a strict athlete's diet of Mars bars, Twiglets and cheese strings! Trouble is, everyone else in the class wants to win too |
| 521 ## - TARGET AUDIENCE NOTE |
| Target audience note |
5+. |
| 650 ## - SUBJECT ADDED ENTRY--TOPICAL TERM |
| Topical term or geographic name entry element |
Children's stories |
| 650 ## - SUBJECT ADDED ENTRY--TOPICAL TERM |
| Topical term or geographic name entry element |
Fiction |
| 650 ## - SUBJECT ADDED ENTRY--TOPICAL TERM |
| Topical term or geographic name entry element |
General |
| 942 ## - ADDED ENTRY ELEMENTS (KOHA) |
| Source of classification or shelving scheme |
|
| Koha item type |
Books - Fiction |